[Event "GBR-ch 91st"]
[Site "Scarborough"]
[Date "2004.08.10"]
[Round "8.17"]
[White "Snape, Ian"]
[Black "Martyn, Rafe"]
[Result "1-0"]
[WhiteElo "2228"]
[BlackElo "2322"]
[PlyCount "35"]
[EventDate "2004.08.02"]
[EventType "swiss"]
[EventRounds "11"]
[EventCountry "GBR"]

1. c4 Nf6 2. Nf3 e6 3. g3 d5 4. Bg2 dxc4 5. Qc2 Nbd7 6. Qxc4 a6 7. Qc2 Rb8 8.
O-O c5 9. d4 Bd6 10. dxc5 Nxc5 11. Rd1 Ra8 12. Bf4 Nd5 13. Bxd6 Qxd6 14. Nc3
O-O 15. Ng5 f5 16. Nxd5 exd5 17. Bxd5+ Kh8 18. Nf7+ 1-0

[Event "GBR-ch 91st"]
[Site "Scarborough"]
[Date "2004.08.10"]
[Round "8.18"]
[White "Hutchinson, Norman A"]
[Black "Sherwin, James"]
[Result "1/2-1/2"]
[WhiteElo "2176"]
[BlackElo "2303"]
[PlyCount "99"]
[EventDate "2004.08.02"]
[EventType "swiss"]
[EventRounds "11"]
[EventCountry "GBR"]

1. e4 c5 2. c3 d5 3. exd5 Qxd5 4. d4 Nf6 5. Nf3 Bg4 6. dxc5 Qxc5 7. Na3 a6 8.
Be3 Qc7 9. h3 Bh5 10. Qa4+ Nbd7 11. Bf4 Qc8 12. g4 b5 13. Nxb5 axb5 14. Qxb5
Bg6 15. Ne5 Be4 16. f3 Bb7 17. g5 Nd5 18. O-O-O e6 19. Nxd7 Qxd7 20. Qxd7+ Kxd7
21. c4 Ra4 22. Be5 Bd6 23. cxd5 Bxe5 24. Bb5+ Ke7 25. Bxa4 Bxd5 26. Rhe1 f6 27.
Rxd5 exd5 28. f4 Rc8+ 29. Kd1 Rc4 30. fxe5 Rxa4 31. exf6+ Kf8 32. fxg7+ Kxg7
33. a3 Kg6 34. Rg1 Kf5 35. Rg4 Ra7 36. Kd2 Ke5 37. g6 hxg6 38. Rxg6 Rf7 39.
Rg5+ Kd4 40. Rg2 Kc4 41. Kc2 d4 42. h4 Rf1 43. h5 Rh1 44. b3+ Kd5 45. Rg5+ Ke4
46. a4 Rh2+ 47. Kd1 Rh1+ 48. Ke2 d3+ 49. Kd2 Rh2+ 50. Kd1 1/2-1/2

[Event "GBR-ch 91st"]
[Site "Scarborough"]
[Date "2004.08.10"]
[Round "8.20"]
[White "Radovanovic, Jovica"]
[Black "Ledger, David J"]
[Result "1-0"]
[WhiteElo "2189"]
[BlackElo "2285"]
[PlyCount "81"]
[EventDate "2004.08.02"]
[EventType "swiss"]
[EventRounds "11"]
[EventCountry "GBR"]

1. e4 e5 2. Nf3 Nc6 3. Bb5 Nf6 4. O-O Bc5 5. c3 O-O 6. d4 Bb6 7. Bg5 d6 8. Qd3
h6 9. Bh4 g5 10. Bg3 exd4 11. Bxc6 dxc3 12. Qxc3 bxc6 13. e5 Ne4 14. Qxc6 Nxg3
15. hxg3 Ba6 16. Re1 Rb8 17. Nc3 Bb7 18. Qc4 d5 19. Qd3 c6 20. Nd4 Ba6 21. Qd2
Qd7 22. Rad1 Rfe8 23. Kh1 Bc7 24. Na4 Bxe5 25. Nc5 Qc8 26. f4 gxf4 27. gxf4
Bxd4 28. Qxd4 Be2 29. Rd2 Bg4 30. Rc1 Qf5 31. Nd3 Re4 32. Qxa7 Rbe8 33. Qf2 Re3
34. Ne5 Re4 35. Rf1 Qh5+ 36. Kg1 Be2 37. g4 Bxg4 38. Qg3 f5 39. Rh2 R4xe5 40.
Rxh5 Re3 41. Qh4 1-0

[Event "GBR-ch 91st"]
[Site "Scarborough"]
[Date "2004.08.10"]
[Round "8.21"]
[White "Adams, David M"]
[Black "Hutchinson, Paul A"]
[Result "1-0"]
[WhiteElo "2180"]
[BlackElo "2216"]
[PlyCount "147"]
[EventDate "2004.08.02"]
[EventType "swiss"]
[EventRounds "11"]
[EventCountry "GBR"]

1. e4 e5 2. Nf3 Nf6 3. Nxe5 d6 4. Nf3 Nxe4 5. Qe2 Qe7 6. d3 Nf6 7. Bg5 Be6 8.
Nc3 c6 9. Nd4 Nbd7 10. Nxe6 fxe6 11. O-O-O e5 12. g3 O-O-O 13. Bg2 d5 14. Rhe1
h6 15. Bd2 Qf7 16. Bh3 Re8 17. Kb1 Bd6 18. Qf1 Kb8 19. f4 Ka8 20. fxe5 Nxe5 21.
Ne2 Rhf8 22. Nd4 Bb8 23. Bb4 Rh8 24. Nf5 Neg4 25. Nd6 Bxd6 26. Bxd6 Ne3 27.
Rxe3 Rxe3 28. Bc5 Ree8 29. Qf4 b6 30. Bd6 Qh5 31. Qf1 Ng4 32. Bxg4 Qxg4 33. Rc1
Qd7 34. Bf4 g5 35. Bd2 Rhf8 36. Qg2 Qf5 37. Bc3 Rf7 38. a4 g4 39. Qd2 Qg5 40.
Qg2 Qe3 41. Re1 Qxe1+ 42. Bxe1 Rxe1+ 43. Ka2 Kb7 44. h3 gxh3 45. Qxh3 Rh7 46.
b4 Ree7 47. b5 cxb5 48. axb5 a6 49. Qf5 Rd7 50. bxa6+ Kxa6 51. Qf8 d4 52. Qa8+
Ra7 53. Qc8+ Kb5+ 54. Kb3 Rhc7 55. Qe8+ Rc6 56. Qe5+ Ka6 57. Qxd4 Rac7 58. Qa4+
Kb7 59. Qd4 Kb8 60. c4 Ka7 61. Qe5 Rc5 62. Qa1+ Ra5 63. Qh1 h5 64. d4 Rg5 65.
Qf3 Rg4 66. Qc3 Rcg7 67. Kb4 Rxg3 68. Qa1+ Kb8 69. Qe1 R3g5 70. d5 Ka7 71. Qe8
R5g6 72. Qd8 Rb7 73. Qh8 b5 74. c5 1-0

[Event "GBR-ch 91st"]
[Site "Scarborough"]
[Date "2004.08.10"]
[Round "8.22"]
[White "Sisask, Jesper"]
[Black "Burrows, Martin"]
[Result "1-0"]
[WhiteElo "2057"]
[BlackElo "2226"]
[PlyCount "95"]
[EventDate "2004.08.02"]
[EventType "swiss"]
[EventRounds "11"]
[EventCountry "GBR"]

1. d4 e6 2. c4 f5 3. g3 Nf6 4. Bg2 d5 5. Nh3 c6 6. Qc2 Bd6 7. Bf4 Be7 8. Nd2
O-O 9. Bxb8 Rxb8 10. O-O Qe8 11. Nf3 Ng4 12. Rab1 Qh5 13. Nf4 Qh6 14. b4 Bd6
15. h3 Nf6 16. Nd3 Ne4 17. b5 cxb5 18. c5 Bc7 19. Rxb5 b6 20. Rfb1 Ba6 21. R5b2
Bxd3 22. exd3 Ng5 23. Nxg5 Qxg5 24. Qe2 Rbe8 25. Qf3 h5 26. h4 Qh6 27. Re2 f4
28. g4 hxg4 29. Qxg4 Rf6 30. h5 Ref8 31. Bf3 Rf5 32. Kh1 Kh8 33. Rg1 R8f6 34.
Rxe6 Qxh5+ 35. Qxh5+ Rxh5+ 36. Bxh5 Rxe6 37. Bf7 Re2 38. Rg5 g6 39. Bxd5 Rxf2
40. Rxg6 Rc2 41. Rc6 Rc1+ 42. Kh2 f3+ 43. Rxc7 f2 44. Bg2 Rc2 45. Bf1 bxc5 46.
dxc5 Rxa2 47. c6 Ra5 48. Kg2 1-0

[Event "GBR-ch 91st"]
[Site "Scarborough"]
[Date "2004.08.10"]
[Round "8.23"]
[White "Walton, Alan J"]
[Black "Gregory, Stephen J"]
[Result "0-1"]
[WhiteElo "2208"]
[BlackElo "2180"]
[PlyCount "78"]
[EventDate "2004.08.02"]
[EventType "swiss"]
[EventRounds "11"]
[EventCountry "GBR"]

1. d4 Nf6 2. Bg5 Nc6 3. Nc3 e5 4. d5 Ne7 5. d6 Nf5 6. dxc7 Qxc7 7. Bxf6 gxf6 8.
Nd5 Qc6 9. e4 Ne7 10. Bb5 Qd6 11. Bc4 b5 12. Bxb5 Rb8 13. Nc3 Qc5 14. Qd3 Nc6
15. Rd1 Nd4 16. Ba4 Rxb2 17. Nge2 Qa3 18. Qc4 Qc5 19. Qd3 Rg8 20. Kf1 Rb4 21.
a3 Rb6 22. Kg1 Ba6 23. Qh3 Rd6 24. Nxd4 exd4 25. Nd5 Rg6 26. Qb3 Be7 27. g3 Bd8
28. Qb8 Rg4 29. f3 d3+ 30. Kg2 dxc2 31. Nxf6+ Rxf6 32. Rxd7 Kf8 33. Qxd8+ Kg7
34. Rc7 Qxa3 35. f4 Be2 36. Rxf7+ Rxf7 37. Qd4+ Kh6 38. Qf2 Qxa4 39. Qxe2 Rfxf4
0-1

[Event "GBR-ch 91st"]
[Site "Scarborough"]
[Date "2004.08.10"]
[Round "8.24"]
[White "Rayner, Francis"]
[Black "Westwood, Richard"]
[Result "0-1"]
[WhiteElo "2252"]
[BlackElo "2030"]
[PlyCount "122"]
[EventDate "2004.08.02"]
[EventType "swiss"]
[EventRounds "11"]
[EventCountry "GBR"]

1. e4 c6 2. d4 d5 3. f3 e6 4. Nc3 Bb4 5. Bf4 Nf6 6. Qd3 b6 7. Nge2 Ba6 8. Qe3
Nbd7 9. O-O-O Nf8 10. h3 Ng6 11. Bh2 Bb7 12. g4 Qe7 13. a3 Bxc3 14. Nxc3 dxe4
15. fxe4 O-O 16. Be2 Rfc8 17. g5 Nd7 18. h4 Nxh4 19. Bd6 Qxd6 20. Rxh4 Nf8 21.
e5 Qc7 22. Ne4 c5 23. Nf6+ gxf6 24. gxf6 cxd4 25. Qg5+ Ng6 26. Bd3 Qxe5 27.
Qxe5 Nxe5 28. Bxh7+ Kf8 29. Be4 Ng6 30. Bxg6 fxg6 31. Rh8+ Kf7 32. Rh7+ Kxf6
33. Rxb7 e5 34. Rf1+ Ke6 35. Rbf7 Rg8 36. Kd2 g5 37. R1f6+ Kd5 38. Kd3 Rad8 39.
Rxa7 Rd6 40. Rxd6+ Kxd6 41. Rb7 Kc6 42. Re7 g4 43. Rxe5 g3 44. Re1 g2 45. Rg1
Kd5 46. c4+ dxc3 47. Kxc3 Ke4 48. Kb4 Rg5 49. b3 Kf3 50. Rc1 g1=Q 51. Rxg1 Rxg1
52. Kb5 Rg6 53. b4 Ke4 54. a4 Kd5 55. a5 bxa5 56. bxa5 Kd6 57. Kb6 Kd7+ 58. Kb7
Rg1 59. a6 Rb1+ 60. Ka8 Kc6 61. Ka7 Rb6 0-1

[Event "GBR-ch 91st"]
[Site "Scarborough"]
[Date "2004.08.10"]
[Round "8.25"]
[White "Pym, Thomas"]
[Black "Spence, David J"]
[Result "1/2-1/2"]
[WhiteElo "2059"]
[BlackElo "2236"]
[PlyCount "58"]
[EventDate "2004.08.02"]
[EventType "swiss"]
[EventRounds "11"]
[EventCountry "GBR"]

1. e4 e6 2. d3 d5 3. Nd2 Nf6 4. g3 c5 5. Bg2 Nc6 6. Ngf3 Be7 7. O-O O-O 8. Re1
b5 9. e5 Nd7 10. Nf1 a5 11. h4 b4 12. Bf4 Ba6 13. N1h2 a4 14. Ng5 Qe8 15. c4
Nb6 16. cxd5 Nxd5 17. Be4 Bxg5 18. hxg5 Nxf4 19. gxf4 f5 20. gxf6 gxf6 21. exf6
Rxf6 22. Qg4+ Kh8 23. Qg5 Qe7 24. Ng4 Rg8 25. Qxg8+ Kxg8 26. Nxf6+ Qxf6 27.
Bxc6 Bxd3 28. Re5 Qxf4 29. Rae1 Qg4+ 1/2-1/2

[Event "GBR-ch 91st"]
[Site "Scarborough"]
[Date "2004.08.10"]
[Round "8.26"]
[White "Lyell, Mark"]
[Black "Kafka, Graeme"]
[Result "1-0"]
[WhiteElo "2217"]
[BlackElo "2143"]
[PlyCount "120"]
[EventDate "2004.08.02"]
[EventType "swiss"]
[EventRounds "11"]
[EventCountry "GBR"]

1. e4 c5 2. b3 Nc6 3. Bb2 e5 4. f4 exf4 5. Nf3 Nf6 6. e5 Nh5 7. Qe2 d5 8. exd6+
Be6 9. Nc3 Bxd6 10. O-O-O Nf6 11. d4 cxd4 12. Nxd4 Nxd4 13. Rxd4 Qb6 14. Na4
Qc7 15. Qb5+ Nd7 16. Bc4 Be5 17. Bxe6 fxe6 18. Rc4 Bxb2+ 19. Kxb2 Qe5+ 20. Qxe5
Nxe5 21. Rxf4 Ng6 22. Re4 e5 23. Nc5 O-O-O 24. Nd3 Rhf8 25. Nxe5 Nxe5 26. Rxe5
Rd2 27. Rc5+ Kd7 28. g3 Rff2 29. h4 Rg2 30. Rc3 Rgf2 31. Re1 h6 32. Ree3 Rg2
33. a4 Rg1 34. Rcd3+ Rxd3 35. Rxd3+ Kc6 36. Kc3 Rg2 37. b4 a6 38. Kb3 b6 39. c4
Rg1 40. b5+ axb5 41. axb5+ Kc7 42. Kc3 Rc1+ 43. Kb3 Rf1 44. Kc2 Rg1 45. Kd2
Rg2+ 46. Kc3 Rg1 47. Kd4 Kd6 48. c5+ bxc5+ 49. Kc4+ Ke6 50. Kxc5 Rc1+ 51. Kb6
Kf5 52. Ka7 Ra1+ 53. Kb7 g5 54. hxg5 hxg5 55. b6 Kg4 56. Kc8 Rc1+ 57. Kb8 Kh3
58. Rb3 Rc6 59. Ka7 Rf6 60. b7 Rf7 1-0

[Event "GBR-ch 91st"]
[Site "Scarborough"]
[Date "2004.08.10"]
[Round "8.27"]
[White "Mycroft, Richard"]
[Black "Nixon, Thomas"]
[Result "1-0"]
[WhiteElo "2110"]
[BlackElo "2198"]
[PlyCount "165"]
[EventDate "2004.08.02"]
[EventType "swiss"]
[EventRounds "11"]
[EventCountry "GBR"]

1. e4 e5 2. Nf3 Nc6 3. d4 exd4 4. Bc4 Nf6 5. e5 d5 6. Bb5 Ne4 7. Nxd4 Bd7 8.
Bxc6 bxc6 9. O-O Bc5 10. f3 Ng5 11. f4 Ne4 12. Be3 O-O 13. Nd2 Qe7 14. Nxe4
dxe4 15. Qe2 f6 16. exf6 Rxf6 17. Nb3 Bd6 18. c4 Raf8 19. g3 c5 20. Rad1 Bc6
21. Qf2 g5 22. f5 Qe5 23. g4 Rh6 24. Rxd6 cxd6 25. Qg3 Qe7 26. Rd1 Rd8 27. Rd2
Rh4 28. Rf2 Qf6 29. Nd2 Kf7 30. Nb1 Rh8 31. Rd2 Ke7 32. Bxg5 Qxg5 33. Qxd6+ Kf7
34. Qc7+ Qe7 35. Qxc6 Rxg4+ 36. Kf1 Rf4+ 37. Ke2 Rf2+ 38. Kxf2 e3+ 39. Kf3 exd2
40. Qd5+ Kg7 41. Nxd2 Rd8 42. Qe4 Kf7 43. Qxe7+ Kxe7 44. Ne4 Rd3+ 45. Kf4 Rh3
46. f6+ Kf8 47. Nxc5 Rxh2 48. Nd7+ Kf7 49. Ne5+ Ke6 50. f7 Rf2+ 51. Ke4 Ke7 52.
c5 Rxb2 53. c6 Rxa2 54. Kd3 Ra3+ 55. Kd4 Ra4+ 56. Kc5 Ra5+ 57. Kb4 Rxe5 58. c7
Kxf7 59. c8=Q h5 60. Qc7+ Kf6 61. Qxa7 h4 62. Kc4 Rh5 63. Qf2+ Kg5 64. Qg2+ Kf4
65. Qh3 Rh7 66. Kd3 Rh5 67. Ke2 Re5+ 68. Kf1 Rh5 69. Kf2 Kg5 70. Kf3 Rh7 71.
Qg4+ Kf6 72. Qf4+ Kg6 73. Qd6+ Kg5 74. Qe5+ Kg6 75. Qe6+ Kg7 76. Qh3 Kg6 77.
Kg4 Rh8 78. Qd3+ Kg7 79. Qd7+ Kg6 80. Qd6+ Kg7 81. Kg5 Rh7 82. Qf6+ Kg8 83. Kg6
1-0

[Event "GBR-ch 91st"]
[Site "Scarborough"]
[Date "2004.08.10"]
[Round "8.28"]
[White "Lee, Graham D"]
[Black "Ledger, Stephen C"]
[Result "1-0"]
[WhiteElo "2316"]
[BlackElo "2203"]
[PlyCount "53"]
[EventDate "2004.08.02"]
[EventType "swiss"]
[EventRounds "11"]
[EventCountry "GBR"]

1. e4 d5 2. exd5 Qxd5 3. Nf3 Nf6 4. d4 Bg4 5. Be2 Nc6 6. h3 Bxf3 7. Bxf3 Qe6+
8. Be3 O-O-O 9. O-O Nd5 10. Qe2 Nxe3 11. fxe3 Qd7 12. Bxc6 Qxc6 13. Rxf7 e5 14.
dxe5 Qd5 15. Qg4+ Kb8 16. e6 Bc5 17. Nc3 Bxe3+ 18. Kh1 Qc6 19. e7 Rde8 20. Qxg7
Rhg8 21. Qxg8 Rxg8 22. Rf8+ Qe8 23. Rxg8 Qxg8 24. Re1 c6 25. Rxe3 Qe8 26. Ne2
Kc7 27. Ng3 1-0

[Event "GBR-ch 91st"]
[Site "Scarborough"]
[Date "2004.08.10"]
[Round "8.29"]
[White "Clarke, Thomas"]
[Black "Hempson, Peter"]
[Result "1-0"]
[WhiteElo "2132"]
[BlackElo "2172"]
[PlyCount "45"]
[EventDate "2004.08.02"]
[EventType "swiss"]
[EventRounds "11"]
[EventCountry "GBR"]

1. d4 d5 2. Bg5 h6 3. Bh4 Bf5 4. c4 Bxb1 5. Rxb1 c6 6. Nf3 dxc4 7. e4 Qa5+ 8.
Nd2 e6 9. a3 Nf6 10. Bxf6 gxf6 11. Bxc4 Nd7 12. O-O O-O-O 13. b4 Qxa3 14. Qh5
Rh7 15. b5 Nb6 16. bxc6 Rxd4 17. cxb7+ Kxb7 18. Nb3 Rd7 19. Rfc1 Rg7 20. Qb5
Qd6 21. Nc5+ Qxc5 22. Qxd7+ Kb8 23. Ba6 1-0

[Event "GBR-ch 91st"]
[Site "Scarborough"]
[Date "2004.08.10"]
[Round "8.30"]
[White "Surtees, Michael"]
[Black "Bryant, Richard"]
[Result "1-0"]
[WhiteElo "2239"]
[BlackElo "1872"]
[PlyCount "63"]
[EventDate "2004.08.02"]
[EventType "swiss"]
[EventRounds "11"]
[EventCountry "GBR"]

1. e4 c5 2. c3 d5 3. f3 e6 4. d3 Bd6 5. Nh3 Nc6 6. Nd2 b6 7. f4 f5 8. g3 Bb7 9.
Bg2 Nge7 10. Ng5 Qd7 11. Qh5+ g6 12. Qh6 Ng8 13. Qh3 O-O-O 14. O-O dxe4 15.
dxe4 Ba6 16. Re1 c4 17. Nf1 Rf8 18. Be3 Nf6 19. e5 h6 20. Nf3 g5 21. Nd4 Nxe5
22. fxe5 Bxe5 23. Rad1 g4 24. Qh4 Qf7 25. Nc6 Bb8 26. Bd4 Bb5 27. Nxb8 Kxb8 28.
Bxf6 Qxf6 29. Qxf6 Rxf6 30. Rd6 Re8 31. Bd5 Kc7 32. Rdxe6 1-0

[Event "GBR-ch 91st"]
[Site "Scarborough"]
[Date "2004.08.10"]
[Round "8.31"]
[White "Almond, Philip"]
[Black "Smith, Graham"]
[Result "1-0"]
[WhiteElo "2143"]
[BlackElo "2157"]
[PlyCount "73"]
[EventDate "2004.08.02"]
[EventType "swiss"]
[EventRounds "11"]
[EventCountry "GBR"]

1. c4 e5 2. g3 d6 3. Bg2 f5 4. Nc3 Nf6 5. d3 Be7 6. e4 c6 7. Nge2 O-O 8. O-O
Na6 9. exf5 Bxf5 10. d4 Nb4 11. Bg5 h6 12. Bxf6 Bxf6 13. Ne4 Qe7 14. d5 cxd5
15. cxd5 Qd7 16. a3 Na6 17. N2c3 Bd8 18. Qe2 Bb6 19. Rac1 Nc5 20. Nxc5 Bxc5 21.
b4 Bb6 22. Kh1 a6 23. Ne4 Rac8 24. f3 Bd4 25. Rfd1 Rxc1 26. Rxc1 Bxe4 27. Qxe4
Rc8 28. Rc2 Rc7 29. h4 Qc8 30. Rxc7 Qxc7 31. Kh2 Qc1 32. Qf5 Qc7 33. Bf1 Qe7
34. Bd3 Bb2 35. a4 Bc1 36. Qc8+ Kf7 37. Qxc1 1-0

[Event "GBR-ch 91st"]
[Site "Scarborough"]
[Date "2004.08.11"]
[Round "9.2"]
[White "Hanley, Craig A"]
[Black "Wells, Peter"]
[Result "1/2-1/2"]
[WhiteElo "2356"]
[BlackElo "2494"]
[PlyCount "44"]
[EventDate "2004.08.02"]
[EventType "swiss"]
[EventRounds "11"]
[EventCountry "GBR"]

1. d4 Nf6 2. Nc3 d5 3. Bg5 Nbd7 4. e3 e6 5. Bd3 c5 6. dxc5 Bxc5 7. Nf3 h6 8.
Bh4 Be7 9. O-O Nc5 10. Bb5+ Bd7 11. Qd4 Bxb5 12. Nxb5 Nce4 13. c4 a6 14. Nc3
dxc4 15. Qxc4 Nxc3 16. Qxc3 Rc8 17. Qb3 Qd5 18. Rac1 O-O 19. Qxd5 Nxd5 20. Bxe7
Nxe7 21. Nd4 Rfd8 22. g3 Kf8 1/2-1/2

[Event "GBR-ch 91st"]
[Site "Scarborough"]
[Date "2004.08.11"]
[Round "9.3"]
[White "Williams, Simon K"]
[Black "Arakhamia-Grant, Ketevan"]
[Result "1-0"]
[WhiteElo "2427"]
[BlackElo "2446"]
[PlyCount "72"]
[EventDate "2004.08.02"]
[EventType "swiss"]
[EventRounds "11"]
[EventCountry "GBR"]

1. e4 c5 2. a3 e6 3. b4 cxb4 4. axb4 Bxb4 5. Bb2 Nf6 6. e5 Nd5 7. c4 Ne7 8. Na3
Nbc6 9. Nc2 Ba5 10. Ra3 Bc7 11. Qa1 b6 12. Rg3 Nf5 13. Rh3 Bb7 14. Nf3 Nce7 15.
Bd3 d5 16. exd6 Qxd6 17. Bxf5 Nxf5 18. Ne5 O-O-O 19. O-O f6 20. Nf7 Qc6 21. Ne1
Rxd2 22. Nxh8 Re2 23. Nf3 Qe8 24. Re1 Rxe1+ 25. Qxe1 h5 26. Nh4 Nxh4 27. Rxh4
e5 28. f4 Qxh8 29. fxe5 g5 30. exf6 Bd6 31. Qe6+ Kc7 32. Be5 Bxe5 33. Qxe5+ Kc8
34. Qe6+ Kb8 35. Rd4 Qf8 36. f7 Qc5 1-0

[Event "GBR-ch 91st"]
[Site "Scarborough"]
[Date "2004.08.11"]
[Round "9.5"]
[White "Palliser, Richard"]
[Black "Houska, Jovanka"]
[Result "1-0"]
[WhiteElo "2411"]
[BlackElo "2375"]
[PlyCount "105"]
[EventDate "2004.08.02"]
[EventType "swiss"]
[EventRounds "11"]
[EventCountry "GBR"]

1. d4 d5 2. c4 c6 3. Nc3 Nf6 4. e3 e6 5. Nf3 Nbd7 6. Bd3 dxc4 7. Bxc4 b5 8. Bd3
Bb7 9. O-O a6 10. e4 c5 11. d5 Qc7 12. dxe6 fxe6 13. Bc2 Bd6 14. Ng5 Nf8 15. f4
h6 16. e5 O-O-O 17. exd6 Rxd6 18. Qe2 hxg5 19. a4 b4 20. Ne4 Nxe4 21. Bxe4 Rd4
22. Bxb7+ Kxb7 23. Be3 Rd5 24. Rad1 Ng6 25. Qg4 Rxd1 26. Rxd1 Nxf4 27. h3 Rd8
28. Rxd8 Qxd8 29. Bxc5 Qd5 30. Be7 b3 31. Bxg5 Nd3 32. Be3 g5 33. Qe2 Qe4 34.
Qd2 Nxb2 35. Qd7+ Kb8 36. Qd8+ Kb7 37. Qd7+ Kb8 38. Qd8+ Kb7 39. Qb6+ Kc8 40.
Qxa6+ Kd7 41. Qb5+ Kc8 42. Qe8+ Kc7 43. Qe7+ Kc8 44. Qc5+ Kd7 45. Bxg5 Nd3 46.
Qa7+ Kc8 47. Qa6+ Kc7 48. Qa5+ Kb7 49. Qb5+ Kc7 50. a5 Qd4+ 51. Kh1 b2 52. a6
Qb6 53. Bd8+ 1-0

[Event "GBR-ch 91st"]
[Site "Scarborough"]
[Date "2004.08.11"]
[Round "9.6"]
[White "Knott, Simon"]
[Black "Hebden, Mark"]
[Result "1/2-1/2"]
[WhiteElo "2359"]
[BlackElo "2559"]
[PlyCount "98"]
[EventDate "2004.08.02"]
[EventType "swiss"]
[EventRounds "11"]
[EventCountry "GBR"]

1. Nf3 Nf6 2. c4 g6 3. Nc3 Bg7 4. d4 O-O 5. e4 d6 6. Be2 e5 7. O-O Nc6 8. d5
Ne7 9. Ne1 Nd7 10. Nd3 f5 11. Bd2 Nf6 12. f3 f4 13. g4 g5 14. Be1 Ng6 15. Kg2
Rf7 16. h3 Bf8 17. Rh1 h5 18. Bf2 Rh7 19. c5 Nh4+ 20. Bxh4 gxh4 21. b4 Qe8 22.
Kh2 hxg4 23. fxg4 Rg7 24. Bf3 Nh7 25. Rc1 Bd7 26. Rf1 a5 27. c6 bxc6 28. dxc6
Bxc6 29. b5 Bb7 30. Nf2 Ng5 31. Kg2 Be7 32. Qb3+ Kh8 33. Nd5 Bd8 34. Rc4 c6 35.
bxc6 Bxc6 36. Rfc1 Rb7 37. Qd1 Bd7 38. Rb1 Rab8 39. Rxb7 Rxb7 40. Rc1 Be6 41.
Rb1 Qc6 42. Rxb7 Qxb7 43. Qa4 Kg7 44. Qa3 Qc6 45. Qb3 Bc7 46. Nd1 Bxd5 47. exd5
Qa6 48. Qc2 Bb6 49. Qf5 Nxf3 1/2-1/2

[Event "GBR-ch 91st"]
[Site "Scarborough"]
[Date "2004.08.11"]
[Round "9.8"]
[White "Haslinger, Stewart"]
[Black "Tan, Desmond"]
[Result "1-0"]
[WhiteElo "2408"]
[BlackElo "2335"]
[PlyCount "61"]
[EventDate "2004.08.02"]
[EventType "swiss"]
[EventRounds "11"]
[EventCountry "GBR"]

1. c4 c5 2. Nf3 Nf6 3. Nc3 Nc6 4. d4 cxd4 5. Nxd4 g6 6. e4 d6 7. Be2 Nxd4 8.
Qxd4 Bg7 9. Be3 O-O 10. Qd2 Be6 11. O-O Qa5 12. Rab1 Rfc8 13. Rfc1 Kf8 14. b3
a6 15. f3 Rab8 16. Ba7 Ra8 17. Be3 Rab8 18. Kh1 Nd7 19. b4 Qd8 20. Nd5 Bxd5 21.
exd5 Ra8 22. c5 dxc5 23. bxc5 Nf6 24. d6 exd6 25. Rxb7 d5 26. c6 Kg8 27. Bf4
Nh5 28. c7 Qe8 29. Rb8 Nxf4 30. Rxa8 Rxa8 31. Bxa6 1-0

[Event "GBR-ch 91st"]
[Site "Scarborough"]
[Date "2004.08.11"]
[Round "9.9"]
[White "Summerscale, Aaron"]
[Black "Gordon, Stephen"]
[Result "1-0"]
[WhiteElo "2493"]
[BlackElo "2338"]
[PlyCount "109"]
[EventDate "2004.08.02"]
[EventType "swiss"]
[EventRounds "11"]
[EventCountry "GBR"]

1. Nf3 Nf6 2. c4 e6 3. g3 d5 4. b3 c5 5. Bg2 Nc6 6. e3 Be7 7. O-O O-O 8. Bb2 d4
9. exd4 cxd4 10. Re1 Ne8 11. Ba3 f6 12. Bxe7 Qxe7 13. d3 e5 14. a3 a5 15. Nbd2
Nc7 16. Qc2 Na6 17. Ne4 f5 18. Ned2 Qc5 19. Qb2 Bd7 20. Ng5 Nc7 21. Rab1 Rae8
22. b4 axb4 23. axb4 Qd6 24. b5 Nd8 25. Ra1 Qf6 26. Ngf3 g5 27. h3 Nf7 28. Nh2
Nd6 29. b6 Ne6 30. Ra5 Nd8 31. Ra8 Bc6 32. Ndf3 Kh8 33. Qa1 h5 34. h4 g4 35.
Ng5 Bxg2 36. Kxg2 Nc6 37. Rxe8 Rxe8 38. Nf1 Kg7 39. Nd2 Nf7 40. Nxf7 Kxf7 41.
Qa3 Qe7 42. c5 Kg6 43. Nc4 Rf8 44. Nd6 Qe6 45. Qc1 Qd5+ 46. Kg1 f4 47. Re4 Nb4
48. gxf4 exf4 49. Qe1 Qxc5 50. Re6+ Kg7 51. Re7+ Kh8 52. Nxb7 Qf5 53. Qxb4 Qxd3
54. Qe1 Qf5 55. Nd6 1-0

[Event "GBR-ch 91st"]
[Site "Scarborough"]
[Date "2004.08.11"]
[Round "9.11"]
[White "Ledger, Andrew J"]
[Black "Ashton, Adam"]
[Result "1-0"]
[WhiteElo "2452"]
[BlackElo "2270"]
[PlyCount "85"]
[EventDate "2004.08.02"]
[EventType "swiss"]
[EventRounds "11"]
[EventCountry "GBR"]

1. c4 Nf6 2. Nc3 g6 3. g3 Bg7 4. Bg2 O-O 5. Nf3 d6 6. d3 e5 7. O-O Nc6 8. Rb1
a5 9. b3 Nh5 10. Nd5 f5 11. Bg5 Nf6 12. Qd2 Ne7 13. Bxf6 Bxf6 14. Nxf6+ Rxf6
15. c5 Nc6 16. cxd6 cxd6 17. Rbc1 Kg7 18. Rc4 Be6 19. Rh4 Bg8 20. Qh6+ Kh8 21.
Rc1 Qf8 22. Qd2 Qe7 23. Qe3 Re8 24. Nd2 d5 25. Nf3 Rd6 26. Qc5 Rdd8 27. Ra4 Qg7
28. e3 d4 29. exd4 exd4 30. Nd2 Nb4 31. Qxa5 Nxd3 32. Rc7 Rd7 33. Rxd7 Qxd7 34.
Nf3 Re4 35. Qb6 Qe7 36. Rxd4 Nc5 37. Rd1 Bf7 38. h4 Kg7 39. Ng5 Re1+ 40. Rxe1
Qxe1+ 41. Kh2 Qe7 42. b4 Ne6 43. Nxf7 1-0

[Event "GBR-ch 91st"]
[Site "Scarborough"]
[Date "2004.08.11"]
[Round "9.12"]
[White "Quinn, Mark"]
[Black "Mannion, Stephen"]
[Result "1/2-1/2"]
[WhiteElo "2406"]
[BlackElo "2333"]
[PlyCount "33"]
[EventDate "2004.08.02"]
[EventType "swiss"]
[EventRounds "11"]
[EventCountry "GBR"]

1. c4 Nf6 2. Nc3 c5 3. Nf3 b6 4. g3 Bb7 5. Bg2 e6 6. O-O Be7 7. Re1 d5 8. cxd5
Nxd5 9. d3 O-O 10. Bd2 Nc6 11. a3 Qd7 12. Qa4 Rad8 13. Rac1 Rfe8 14. Qg4 f5 15.
Qh3 Bf6 16. Bg5 Nd4 17. Bxf6 1/2-1/2

[Event "GBR-ch 91st"]
[Site "Scarborough"]
[Date "2004.08.11"]
[Round "9.13"]
[White "Dearing, Eddie"]
[Black "Rendle, Thomas"]
[Result "1/2-1/2"]
[WhiteElo "2393"]
[BlackElo "2258"]
[PlyCount "53"]
[EventDate "2004.08.02"]
[EventType "swiss"]
[EventRounds "11"]
[EventCountry "GBR"]

1. d4 f5 2. c4 Nf6 3. g3 g6 4. Bg2 d6 5. Nf3 Bg7 6. Nc3 O-O 7. O-O Nc6 8. d5
Ne5 9. Qb3 Nfd7 10. Nxe5 Bxe5 11. f4 Bd4+ 12. e3 Bg7 13. Qc2 e5 14. dxe6 Nc5
15. b3 Bxe6 16. Bb2 c6 17. Rad1 Qe7 18. Rfe1 Rad8 19. e4 fxe4 20. Nxe4 Bf5 21.
Bxg7 Qxg7 22. Qf2 Bxe4 23. Bxe4 Qc3 24. Re3 Qf6 25. Qe2 Rfe8 26. Bf3 Kf8 27.
Re1 1/2-1/2

[Event "GBR-ch 91st"]
[Site "Scarborough"]
[Date "2004.08.11"]
[Round "9.14"]
[White "Gwaze, Robert"]
[Black "Snape, Ian"]
[Result "1-0"]
[WhiteElo "2376"]
[BlackElo "2228"]
[PlyCount "71"]
[EventDate "2004.08.02"]
[EventType "swiss"]
[EventRounds "11"]
[EventCountry "GBR"]

1. e4 c5 2. Nf3 d6 3. d4 cxd4 4. Nxd4 Nf6 5. Nc3 g6 6. g3 Nc6 7. Nde2 Bg7 8.
Bg2 O-O 9. O-O Rb8 10. a4 b6 11. b3 Bb7 12. Bb2 Nd7 13. Rb1 Nc5 14. Nd5 Bxb2
15. Rxb2 e6 16. Ne3 Qf6 17. c3 Ne7 18. f3 d5 19. b4 Nd7 20. Rd2 Ne5 21. f4 Nc4
22. Nxc4 dxc4 23. Rd6 Qg7 24. Qd2 e5 25. Rd7 Nc6 26. Qd6 Rbd8 27. fxe5 Rxd7 28.
Qxd7 Nd8 29. Rf6 g5 30. g4 h5 31. gxh5 g4 32. Nf4 Qg5 33. Qe7 Qg7 34. Rf5 f6
35. exf6 Qf7 36. Rg5+ 1-0